[Event "Hibrido del Sur op U2200"]
[Site "Porlamar"]
[Date "2021.08.29"]
[Round "7"]
[White "Rondon Chacon, Rene Ibrahim"]
[Black "Vasquez Vargas, Henry Richard"]
[Result "1-0"]
[WhiteElo "2061"]
[BlackElo "2021"]
[PlyCount "113"]
[EventDate "2021.08.27"]
[EventType "swiss"]
[EventRounds "7"]
[EventCountry "VEN"]
[SourceTitle "EXT 2023"]
[Source "ChessBase"]
[SourceDate "2022.10.05"]
[SourceVersion "1"]
[SourceVersionDate "2022.10.05"]
[SourceQuality "1"]

1. e4 c5 2. Nc3 a6 3. a4 e6 4. Bc4 Nc6 5. f4 Nf6 6. e5 d5 7. Be2 Nd7 8. Nf3 Be7 9. 0-0 0-0 10. Kh1 f6 11. exf6 Nxf6 12. d4 Qc7 13. Be3 Ng4 14. Bg1 Nh6 15. g3 cxd4 16. Nxd4 Nxd4 17. Bxd4 Nf5 18. Be5 Qb6 19. Qd3 Bd7 20. Bf3 Bc6 21. Ne2 Qe3 22. Nd4 Qxd3 23. cxd3 Nxd4 24. Bxd4 Bf6 25. Bc5 Rfb8 26. d4 b6 27. Bd6 Rc8 28. Bg4 Bd7 29. Rae1 Bxd4 30. Bxe6+ Bxe6 31. Rxe6 Bxb2 32. Rd1 Rc4 33. a5 bxa5 34. Rxd5 Rd4 35. Rxa5 Rc8 36. f5 h6 37. Kg2 Rc6 38. Be5 Rd2+ 39. Kf3 Rxe6 40. fxe6 Bxe5 41. Rxe5 Kf8 42. h4 Ke7 43. Kf4 Rd6 44. Kf5 Rd3 45. g4 Rg3 46. h5 Rg1 47. Re4 Rg2 48. Kg6 Rf2 49. Kxg7 Rf6 50. g5 hxg5 51. h6 g4 52. Rxg4 Rxe6 53. h7 Rf6 54. Re4+ Re6 55. Rxe6+ Kxe6 56. h8Q a5 57. Qa8 1-0

[Event "Hibrido del Sur op U2200"]
[Site "Porlamar"]
[Date "2021.08.28"]
[Round "5"]
[White "Marin Gomez, Daniel Alejandro"]
[Black "Rondon Chacon, Rene Ibrahim"]
[Result "0-1"]
[WhiteElo "1727"]
[BlackElo "2061"]
[PlyCount "108"]
[EventDate "2021.08.27"]
[EventType "swiss"]
[EventRounds "7"]
[EventCountry "VEN"]
[SourceTitle "EXT 2023"]
[Source "ChessBase"]
[SourceDate "2022.10.05"]
[SourceVersion "1"]
[SourceVersionDate "2022.10.05"]
[SourceQuality "1"]

1. d4 d5 2. Bf4 c5 3. e3 Nc6 4. c3 Bf5 5. Qb3 Qd7 6. Nf3 f6 7. h3 g5 8. Bg3 a6 9. Qd1 e6 10. Bd3 Nh6 11. 0-0 c4 12. Bxf5 Nxf5 13. Bh2 h5 14. Nfd2 g4 15. e4 Nh4 16. Bg3 Ng6 17. hxg4 hxg4 18. Qxg4 Kf7 19. exd5 Qxd5 20. Qf3 Bh6 21. Re1 f5 22. Qxd5 exd5 23. Nf3 Rag8 24. Nbd2 Bxd2 25. Nxd2 f4 26. Bh2 Nh4 27. g3 Rh6 28. Kf1 Nf5 29. Nf3 fxg3 30. Bxg3 Nxg3+ 31. fxg3 Rxg3 32. Kf2 Rgg6 33. Rh1 Kf6 34. Rag1 b5 35. Rxh6 Rxh6 36. Rg5 Ne7 37. Re5 Rh1 38. a3 Rb1 39. Re2 Nf5 40. Ne5 Nd6 41. Nd7+ Kf5 42. Nb6 Ne4+ 43. Kg2 Nf6 44. Nc8 Kg4 45. Ne7 a5 46. Kf2 Kh3 47. Ke3 Kg3 48. Nf5+ Kg4 49. Ne7 Rd1 50. Rd2 Rh1 51. Rg2+ Kh3 52. Re2 Rf1 53. Kd2 Kg3 54. Nf5+ Rxf5 0-1

[Event "San Sebastian IRT"]
[Site "San Cristobal"]
[Date "2018.02.04"]
[Round "7"]
[White "Rondon Chacon, Rene Ibrahim"]
[Black "Romero Barreto, Jaime Jose"]
[Result "0-1"]
[WhiteElo "2160"]
[BlackElo "2228"]
[PlyCount "78"]
[EventDate "2018.01.31"]
[EventType "tourn"]
[EventRounds "7"]
[EventCountry "VEN"]
[SourceTitle "EXT 2019"]
[Source "ChessBase"]
[SourceDate "2018.10.10"]
[SourceVersion "1"]
[SourceVersionDate "2018.10.10"]
[SourceQuality "1"]

1. d4 Nf6 2. c4 d6 3. Nc3 e5 4. d5 g6 5. e4 Bg7 6. Be2 Na6 7. Bg5 h6 8. Be3 Nc5 9. f3 Nh5 10. Qd2 f5 11. exf5 gxf5 12. 0-0-0 Bf6 13. Nh3 Nd7 14. g4 f4 15. Bf2 Ng7 16. Ne4 Bh4 17. Qc2 Bxf2 18. Nhxf2 Qh4 19. Bd3 0-0 20. Rdg1 Kh8 21. Qe2 Rf7 22. Rg2 Nf8 23. Rhg1 Bd7 24. g5 h5 25. Nf6 Nf5 26. Nxd7 Nd4 27. Qd1 Nxd7 28. Ne4 Kg7 29. g6 Re7 30. Ng5 a5 31. Qe1 Qxe1+ 32. Rxe1 Nc5 33. Be4 a4 34. Rf1 Ra6 35. Nh7 Rb6 36. Rfg1 Nxe4 37. fxe4 f3 38. Rf2 Ne2+ 39. Rxe2 fxe2 0-1

[Event "San Sebastian IRT"]
[Site "San Cristobal"]
[Date "2018.02.03"]
[Round "4"]
[White "Torres Cueto, Jesus Marcial"]
[Black "Rondon Chacon, Rene Ibrahim"]
[Result "0-1"]
[WhiteElo "2188"]
[BlackElo "2160"]
[PlyCount "62"]
[EventDate "2018.01.31"]
[EventType "tourn"]
[EventRounds "7"]
[EventCountry "VEN"]
[SourceTitle "EXT 2019"]
[Source "ChessBase"]
[SourceDate "2018.10.10"]
[SourceVersion "1"]
[SourceVersionDate "2018.10.10"]
[SourceQuality "1"]

1. e4 e5 2. Nf3 Nc6 3. Bb5 f5 4. Nc3 fxe4 5. Nxe4 d5 6. Nxe5 dxe4 7. Nxc6 Qg5 8. Qe2 Nf6 9. f4 Qh4+ 10. g3 Qh3 11. Nxa7+ Bd7 12. Bxd7+ Qxd7 13. Nb5 Bc5 14. Nc3 0-0-0 15. h3 Rhe8 16. a4 Qc6 17. Rh2 Bg1 18. Rg2 e3 19. d3 Bf2+ 20. Kf1 Qd7 21. g4 h5 22. Nd1 hxg4 23. hxg4 Nd5 24. Nxf2 Nxf4 25. Qf3 Nxg2 26. Qxg2 exf2 27. Bg5 Qe6 28. Kxf2 Rf8+ 29. Kg1 Rd4 30. Rf1 Rxf1+ 31. Kxf1 Rxg4 0-1

[Event "VEN-chT Liga Superior qual"]
[Site "Caracas"]
[Date "2018.01.27"]
[Round "3.3"]
[White "Rondon Chacon, Rene Ibrahim"]
[Black "Otazo Sanchez, Annyd Gabriela"]
[Result "1/2-1/2"]
[WhiteElo "2160"]
[BlackElo "1952"]
[PlyCount "104"]
[EventDate "2018.01.26"]
[EventType "team-swiss"]
[EventRounds "6"]
[EventCountry "VEN"]
[SourceTitle "EXT 2022"]
[Source "ChessBase"]
[SourceDate "2021.10.06"]
[SourceVersion "1"]
[SourceVersionDate "2021.10.06"]
[SourceQuality "1"]
[WhiteTeam "Rising Sars Academy"]
[BlackTeam "IQ Zone"]
[WhiteTeamCountry "VEN"]
[BlackTeamCountry "VEN"]

1. Nf3 Nf6 2. d4 e6 3. c4 b6 4. Nc3 Bb4 5. Bg5 0-0 6. e3 d5 7. Rc1 Nbd7 8. a3 Bxc3+ 9. Rxc3 h6 10. Bh4 c5 11. Ne5 cxd4 12. Qxd4 Nxe5 13. Qxe5 Ba6 14. Bd3 Bxc4 15. Bxc4 dxc4 16. Bxf6 Qxf6 17. Qxf6 gxf6 18. Rxc4 Rac8 19. Rxc8 Rxc8 20. Kd2 Rd8+ 21. Ke2 Rc8 22. Rd1 Kf8 23. Rd2 Ke7 24. Kf3 f5 25. h3 Rc7 26. Kg3 Kf6 27. Kh4 Kg6 28. f3 Rc4+ 29. Kg3 h5 30. f4 b5 31. Rd7 Rc2 32. b4 Rc3 33. Rxa7 Rxe3+ 34. Kf2 Rb3 35. h4 Rb2+ 36. Kg1 Rd2 37. Ra5 Ra2 38. g3 Kf6 39. Kf1 Ke7 40. Ke1 Kd6 41. Rxb5 Rxa3 42. Kf2 Ra2+ 43. Kg1 Rb2 44. Rb7 Kd5 45. b5 Ke4 46. Rxf7 Rxb5 47. Kg2 Rb2+ 48. Kh3 Kf3 49. Ra7 Rb1 50. Ra3+ Kf2 51. Kh2 Rb6 52. Rd3 Rc6 1/2-1/2

[Event "Valera FVA 82nd Anniv"]
[Site "Valera"]
[Date "2017.12.13"]
[Round "1"]
[White "Rondon Chacon, Rene Ibrahim"]
[Black "Pena Gonzalez, Clara Isabel"]
[Result "1-0"]
[WhiteElo "2165"]
[BlackElo "1561"]
[PlyCount "59"]
[EventDate "2017.12.13"]
[EventType "swiss"]
[EventRounds "7"]
[EventCountry "VEN"]
[SourceTitle "CBM 182 Extra"]
[Source "ChessBase"]
[SourceDate "2018.02.23"]
[SourceVersion "1"]
[SourceVersionDate "2018.02.23"]
[SourceQuality "1"]

1. Nf3 Nf6 2. d4 g6 3. g3 Bg7 4. Bg2 0-0 5. 0-0 c5 6. c4 d5 7. dxc5 dxc4 8. Qc2 Qc7 9. Qxc4 Be6 10. Qb5 Bd5 11. Bf4 Qc8 12. Nc3 Bc6 13. Qc4 Nbd7 14. b4 a6 15. Rac1 Ne8 16. e4 Nc7 17. a4 Nf6 18. b5 axb5 19. axb5 Bd7 20. Bxc7 Qxc7 21. Nd5 Nxd5 22. exd5 Ra5 23. b6 Qb8 24. c6 bxc6 25. dxc6 Be6 26. Qb4 Ra6 27. Rb1 Bf5 28. c7 Qc8 29. b7 Qxc7 30. b8Q 1-0

[Event "Valera FVA 82nd Anniv"]
[Site "Valera"]
[Date "2017.12.13"]
[Round "2"]
[White "Uchest, Emilio"]
[Black "Rondon Chacon, Rene Ibrahim"]
[Result "0-1"]
[WhiteElo "1865"]
[BlackElo "2165"]
[PlyCount "70"]
[EventDate "2017.12.13"]
[EventType "swiss"]
[EventRounds "7"]
[EventCountry "VEN"]
[SourceTitle "CBM 182 Extra"]
[Source "ChessBase"]
[SourceDate "2018.02.23"]
[SourceVersion "1"]
[SourceVersionDate "2018.02.23"]
[SourceQuality "1"]

1. e4 e5 2. Nf3 Nf6 3. Nc3 Bb4 4. Bc4 d6 5. d3 Be6 6. Bxe6 fxe6 7. 0-0 Nc6 8. Ne2 0-0 9. c3 Ba5 10. b4 Bb6 11. a4 a5 12. b5 Ne7 13. Ng3 Qd7 14. Qb3 Rad8 15. d4 exd4 16. cxd4 Kh8 17. e5 Nfd5 18. Ne4 Nf5 19. Bb2 Nf4 20. Rad1 d5 21. Ng3 Qf7 22. Ba3 Rg8 23. Bc1 Nxg3 24. fxg3 Ne2+ 25. Kh1 Qh5 26. Bf4 Rdf8 27. Qe3 Nxf4 28. gxf4 h6 29. h3 g5 30. fxg5 hxg5 31. Nh2 Rf4 32. Rxf4 gxf4 33. Qf2 Rf8 34. h4 c6 35. g4 Qg6 0-1

[Event "Venezuela op 1st"]
[Site "Valencia"]
[Date "2017.12.06"]
[Round "2"]
[White "Rondon Chacon, Rene Ibrahim"]
[Black "Alvarado Arcila, Marvia Josefina"]
[Result "1-0"]
[WhiteElo "2165"]
[BlackElo "1879"]
[PlyCount "41"]
[EventDate "2017.12.06"]
[EventType "swiss"]
[EventRounds "7"]
[EventCountry "VEN"]
[SourceTitle "EXT 2019"]
[Source "ChessBase"]
[SourceDate "2018.10.10"]
[SourceVersion "1"]
[SourceVersionDate "2018.10.10"]
[SourceQuality "1"]

1. Nf3 d5 2. c4 c6 3. g3 Bg4 4. Ne5 Bf5 5. d4 Nd7 6. Nxd7 Qxd7 7. Nc3 e6 8. Bg2 Nf6 9. 0-0 Be7 10. f3 dxc4 11. e4 Bg6 12. g4 c5 13. d5 e5 14. Qe2 b5 15. a4 b4 16. Nd1 h5 17. g5 Nh7 18. Qxc4 h4 19. Nf2 a5 20. Bh3 f5 21. gxf6 1-0

[Event "Porlamar FVA Zona Oriental 2nd"]
[Site "Porlamar"]
[Date "2016.11.13"]
[Round "7.6"]
[White "Rondon Chacon, Rene Ibrahim"]
[Black "Bermudez Hernandez, Rodrigo"]
[Result "1-0"]
[WhiteElo "2137"]
[BlackElo "1761"]
[PlyCount "43"]
[EventDate "2016.11.10"]
[EventType "swiss"]
[EventRounds "7"]
[EventCountry "VEN"]
[SourceTitle "EXT 2022"]
[Source "ChessBase"]
[SourceDate "2021.10.06"]
[SourceVersion "1"]
[SourceVersionDate "2021.10.06"]
[SourceQuality "1"]

1. e4 e6 2. d4 d5 3. Nd2 c5 4. exd5 exd5 5. Ngf3 c4 6. b3 cxb3 7. axb3 Bb4 8. Ne5 Ne7 9. Bd3 Nbc6 10. 0-0 Bc3 11. Ra4 Bxd4 12. Nxc6 Nxc6 13. Ba3 Be6 14. Nf3 Bb6 15. Qa1 Qc7 16. b4 f6 17. Re1 Kf7 18. b5 Ne7 19. Bxe7 Qxe7 20. Rf4 Rhe8 21. Ng5+ Kg8 22. Rxe6 1-0

[Event "Porlamar Margarita Village"]
[Site "Porlamar"]
[Date "2016.02.06"]
[Round "7.2"]
[White "Rondon Chacon, Rene Ibrahim"]
[Black "Palencia Morales, Wilson Guillermo"]
[Result "1-0"]
[WhiteElo "2163"]
[BlackElo "2325"]
[PlyCount "129"]
[EventDate "2016.02.03"]
[EventType "tourn"]
[EventRounds "9"]
[EventCountry "VEN"]
[SourceTitle "EXT 2018"]
[Source "ChessBase"]
[SourceDate "2017.10.13"]
[SourceVersion "1"]
[SourceVersionDate "2017.10.13"]
[SourceQuality "1"]

1. d4 b5 2. a4 b4 3. c4 Nf6 4. Nf3 c5 5. d5 g6 6. Bf4 d6 7. Qc1 e6 8. dxe6 Bxe6 9. g3 Nc6 10. Bg2 Na5 11. Nbd2 Qe7 12. 0-0 Rd8 13. e4 Bg7 14. e5 dxe5 15. Bxe5 0-0 16. Re1 Qd7 17. b3 Nc6 18. Ra2 Bf5 19. Ba1 Rfe8 20. Ne5 Nxe5 21. Bxe5 Re6 22. Bxf6 Bxf6 23. Bd5 Rxe1+ 24. Qxe1 Re8 25. Ne4 Bc3 26. Qe3 Bxe4 27. Bxe4 Qd1+ 28. Kg2 Qxb3 29. Re2 Qxc4 30. Qf3 Qd4 31. Bxg6 hxg6 32. Rxe8+ Kg7 33. h4 Qf6 34. Qd3 Bd4 35. f3 Qf5 36. Qc4 Qd7 37. Re4 f5 38. Re2 Qf7 39. Re6 Bf6 40. Qd5 f4 41. h5 gxh5 42. gxf4 Qg6+ 43. Kf1 h4 44. f5 Qf7 45. Qc4 Kh7 46. a5 Qg7 47. Qxc5 b3 48. Re1 b2 49. Qf2 Qd7 50. Kg2 Qg7+ 51. Kh1 Qb7 52. Qg2 Qg7 53. Qf2 Qd7 54. Rg1 Qxf5 55. Qxa7+ Kh6 56. Qe3+ Kh5 57. Qe8+ Kh6 58. Qe3+ Bg5 59. Qb6+ Bf6 60. Qe3+ Kh7 61. Qe4 Qxe4 62. fxe4 Bd8 63. Rb1 Kg6 64. a6 Kf6 65. Rxb2 1-0

[Event "Porlamar Margarita Village"]
[Site "Porlamar"]
[Date "2016.02.03"]
[Round "1.5"]
[White "Rondon Chacon, Rene Ibrahim"]
[Black "Perelman, Hernan"]
[Result "1-0"]
[WhiteElo "2163"]
[BlackElo "2335"]
[PlyCount "74"]
[EventDate "2016.02.03"]
[EventType "tourn"]
[EventRounds "9"]
[EventCountry "VEN"]
[SourceTitle "EXT 2018"]
[Source "ChessBase"]
[SourceDate "2017.10.13"]
[SourceVersion "1"]
[SourceVersionDate "2017.10.13"]
[SourceQuality "1"]

1. Nf3 c5 2. c4 g6 3. g3 Bg7 4. Bg2 Nc6 5. Nc3 d6 6. 0-0 e5 7. e3 Nge7 8. d4 0-0 9. d5 Na5 10. Nd2 a6 11. a3 b6 12. b4 Nb7 13. Bb2 Bd7 14. Ne2 Rc8 15. Bc3 cxb4 16. axb4 a5 17. bxa5 Nxa5 18. Bb4 Be8 19. Rc1 Nb7 20. Ne4 h6 21. f4 f5 22. Nf2 Nc5 23. Nd3 Ba4 24. Qd2 Nb3 25. Qa2 Nxc1 26. Rxc1 e4 27. Qxa4 exd3 28. Nd4 Bxd4 29. exd4 Ra8 30. Qb3 Qd7 31. c5 bxc5 32. dxc5 Rfb8 33. cxd6 Nc8 34. Rc7 Ra1+ 35. Kf2 Qb5 36. Qb2 Ra2 37. Qxa2 Qxb4 1-0

[Event "Sala de Conferencias IPASM op 1er"]
[Site "Venezuela"]
[Date "2015.05.16"]
[Round "5.3"]
[White "Rondon Chacon, Rene Ibrahim"]
[Black "Pineda Figuera, Julio Cesar"]
[Result "1-0"]
[WhiteElo "2147"]
[BlackElo "1892"]
[PlyCount "76"]
[EventDate "2015.05.14"]
[EventType "swiss"]
[EventRounds "7"]
[EventCountry "VEN"]
[SourceTitle "EXT 2022"]
[Source "ChessBase"]
[SourceDate "2021.10.06"]
[SourceVersion "1"]
[SourceVersionDate "2021.10.06"]
[SourceQuality "1"]

1. d4 Nf6 2. c4 c5 3. d5 e6 4. Nc3 exd5 5. Nxd5 Nxd5 6. cxd5 d6 7. Bd2 Be7 8. Bc3 Bf6 9. Rc1 0-0 10. Nf3 b5 11. e4 Bxc3+ 12. Rxc3 b4 13. Re3 Re8 14. Bd3 Ba6 15. 0-0 Bxd3 16. Qxd3 Nd7 17. b3 a5 18. Nd2 a4 19. f4 axb3 20. axb3 Nb6 21. Nc4 Nxc4 22. Qxc4 Ra2 23. e5 dxe5 24. d6 Qxd6 25. fxe5 Qg6 26. Rg3 Qe6 27. Qxc5 Qxe5 28. Qxb4 Ra1 29. Rgf3 Rxf1+ 30. Rxf1 Qe3+ 31. Kh1 Qe2 32. Qf4 f6 33. h3 Re4 34. Qf5 Re5 35. Qc8+ Re8 36. Qc1 Qb5 37. Re1 Rxe1+ 38. Qxe1 Kf7 1-0

[Event "Porlamar Chavez Memorial"]
[Site "Porlamar"]
[Date "2015.01.11"]
[Round "5"]
[White "Rondon Chacon, Rene Ibrahim"]
[Black "Hernandez Mora, Ulises Jose"]
[Result "1-0"]
[WhiteElo "2164"]
[BlackElo "1624"]
[PlyCount "39"]
[EventDate "2015.01.08"]
[EventType "swiss"]
[EventRounds "5"]
[EventCountry "VEN"]
[SourceTitle "CBM 164 Extra"]
[Source "ChessBase"]
[SourceDate "2015.03.02"]
[SourceVersion "1"]
[SourceVersionDate "2015.03.02"]
[SourceQuality "1"]

1. e4 c6 2. e5 d5 3. c4 Bf5 4. cxd5 cxd5 5. Qb3 Qd7 6. d4 e6 7. Nc3 Nc6 8. Nf3 Nge7 9. Be3 Ng6 10. h4 h6 11. h5 Nge7 12. Nb5 Bh7 13. Nd6+ Kd8 14. Nxb7+ Kc7 15. Nc5 Qc8 16. Rc1 Nf5 17. Bb5 Kd8 18. Bxc6 Rb8 19. Nb7+ Rxb7 20. Bxb7 1-0

[Event "Pampatar Malave Gamez Memorial"]
[Site "Pampatar"]
[Date "2014.10.26"]
[Round "5.1"]
[White "Rondon Chacon, Rene Ibrahim"]
[Black "Rondon Montero, Ernesto Antonio"]
[Result "1-0"]
[WhiteElo "2151"]
[BlackElo "1997"]
[PlyCount "73"]
[EventDate "2014.10.24"]
[EventType "swiss"]
[EventRounds "6"]
[EventCountry "VEN"]
[SourceTitle "EXT 2022"]
[Source "ChessBase"]
[SourceDate "2021.10.06"]
[SourceVersion "1"]
[SourceVersionDate "2021.10.06"]
[SourceQuality "1"]

1. Nf3 Nf6 2. c4 c5 3. g3 Nc6 4. Bg2 g6 5. b3 Bg7 6. Bb2 0-0 7. 0-0 d5 8. cxd5 Nxd5 9. Bxg7 Kxg7 10. d3 e5 11. a3 Be6 12. Qc1 Nd4 13. Qb2 f6 14. e3 Nxf3+ 15. Bxf3 Qb6 16. Nd2 Ne7 17. Rfc1 Rfd8 18. Rc3 Bd5 19. Rac1 Rac8 20. Ne4 Bxe4 21. Bxe4 Nd5 22. Bxd5 Rxd5 23. b4 Rcd8 24. Qb3 cxb4 25. axb4 R8d7 26. e4 Rd4 27. Rc8 Qxb4 28. Rg8+ Kh6 29. Qe6 f5 30. exf5 Qd6 31. Rc5 Qxe6 32. fxe6 Re7 33. Rxe5 Rxd3 34. g4 Rh3 35. Kg2 Rh4 36. Kg3 g5 37. Rexg5 1-0

[Event "Pampatar Malave Gamez Memorial"]
[Site "Pampatar"]
[Date "2014.10.25"]
[Round "3.3"]
[White "Rondon Chacon, Rene Ibrahim"]
[Black "Palacios Puleo, Samuel Alexander"]
[Result "1-0"]
[WhiteElo "2151"]
[BlackElo "1538"]
[PlyCount "87"]
[EventDate "2014.10.24"]
[EventType "swiss"]
[EventRounds "6"]
[EventCountry "VEN"]
[SourceTitle "EXT 2022"]
[Source "ChessBase"]
[SourceDate "2021.10.06"]
[SourceVersion "1"]
[SourceVersionDate "2021.10.06"]
[SourceQuality "1"]

1. Nf3 d5 2. c4 dxc4 3. Na3 Bg4 4. Nxc4 Bxf3 5. gxf3 Nc6 6. e3 e5 7. Qa4 Bd6 8. Rg1 g6 9. a3 a6 10. Na5 Nge7 11. Nxb7 Qb8 12. Na5 Qb6 13. Nxc6 Qxc6 14. Qxc6+ Nxc6 15. f4 exf4 16. b4 a5 17. Bg2 Kd7 18. Bb2 Rhb8 19. Rc1 Ra6 20. Bf1 Rab6 21. b5 Ne5 22. Bxe5 Bxe5 23. a4 f3 24. d4 Bd6 25. h4 h5 26. Bc4 Ke7 27. Bd5 Bh2 28. Rh1 Bd6 29. Bxf3 Rc8 30. Bc6 Ke6 31. f4 f5 32. Ke2 Kf6 33. Rhg1 Rg8 34. Rg2 Rg7 35. Rcg1 Rb8 36. e4 Bxf4 37. e5+ Kf7 38. Kf3 Bh6 39. Bd5+ Kf8 40. Rxg6 Rb6 41. e6 Rxg6 42. Rxg6 Bc1 43. Rg8+ Kxg8 44. e7+ 1-0

[Event "Porlamar FVA 3rd"]
[Site "Porlamar"]
[Date "2014.04.04"]
[Round "1.1"]
[White "Ramos Castro, Luis Asdrubal"]
[Black "Rondon Chacon, Rene Ibrahim"]
[Result "0-1"]
[WhiteElo "1585"]
[BlackElo "2156"]
[PlyCount "50"]
[EventDate "2014.04.04"]
[EventType "swiss"]
[EventRounds "7"]
[EventCountry "VEN"]
[SourceTitle "EXT 2022"]
[Source "ChessBase"]
[SourceDate "2021.10.06"]
[SourceVersion "1"]
[SourceVersionDate "2021.10.06"]
[SourceQuality "1"]

1. e4 e6 2. d4 d5 3. exd5 Qxd5 4. a3 c5 5. dxc5 Qxd1+ 6. Kxd1 Bxc5 7. f3 Nc6 8. b4 Bd4 9. c3 Bf6 10. Kc2 Bd7 11. Be3 Rc8 12. Bb5 Nxb4+ 13. axb4 Bxb5 14. Bxa7 Ne7 15. Ra5 Bf1 16. h4 Nd5 17. Rc5 Ra8 18. Ra5 b6 19. Ra3 Bxg2 20. Rh2 Be5 21. Rxg2 Ne3+ 22. Kd2 Nxg2 23. Bxb6 0-0 24. c4 Rxa3 25. Nxa3 Ra8 0-1

[Event "Cumana Feria de Santa Ines 1st"]
[Site "Cumana"]
[Date "2014.01.12"]
[Round "6"]
[White "Rodriguez Galanton, Yul Johnattan"]
[Black "Rondon Chacon, Rene Ibrahim"]
[Result "0-1"]
[WhiteElo "2125"]
[BlackElo "2131"]
[PlyCount "60"]
[EventDate "2014.01.09"]
[EventType "swiss"]
[EventRounds "7"]
[EventCountry "VEN"]
[SourceTitle "EXT 2015"]
[Source "ChessBase"]
[SourceDate "2014.11.20"]
[SourceVersion "1"]
[SourceVersionDate "2014.11.20"]
[SourceQuality "1"]

1. d4 d5 2. Nc3 e6 3. e4 dxe4 4. Nxe4 Nf6 5. Bg5 Nbd7 6. Nf3 Be7 7. Nxf6+ Bxf6 8. h4 0-0 9. Qd2 e5 10. d5 h6 11. Be3 Re8 12. g4 e4 13. Nd4 Bxd4 14. Bxd4 Ne5 15. Bxe5 Rxe5 16. Qf4 Qxd5 17. Rd1 Qa5+ 18. c3 Re8 19. g5 h5 20. Bc4 Be6 21. Bxe6 Rxe6 22. Rd7 Rf8 23. 0-0 Qxa2 24. Rxc7 Qxb2 25. Rd1 e3 26. fxe3 Qe2 27. Rdd7 Qe1+ 28. Qf1 Qg3+ 29. Qg2 Qxh4 30. g6 Rxe3 0-1